Territorio comanche /

Guardado en:
Autor Principal: Pérez Reverte, Arturo
Formato: Libro
Publicado: Madrid : Alfaguara, 1995
Materias:
Etiquetas: Agregar Etiqueta
Sin Etiquetas, Sea el primero en etiquetar este registro!
LEADER 00613nam a22002175a 4500
001 CEM.cems009267
005 20090818075853.0
008 130507s1995##################000#0#####d
003 CEMS
082 0 4 |a 863.4 
100 1 |a Pérez Reverte, Arturo 
245 1 0 |a Territorio comanche /  |c Arturo Pérez Reverte 
260 |a Madrid :  |b Alfaguara,  |c 1995 
300 |a 152 p. 
653 |a Literatura 
653 |a Literatura española 
653 |a Literatura juvenil 
653 |a Novela española-siglo 20 
653 |a Novela juvenil 
653 |a Novela 
859 |a CEMS  |b BIB. CEMS - 11 de abril  |h 863.4  |i P415-1  |p 18846.96  |t Ej.1